header

Alcohol-related violence (Record no. 64896)

MARC details
000 -LEADER
fixed length control field 02949nam a2200373 a 4500
082 04 - DEWEY DECIMAL CLASSIFICATION NUMBER
Classification number 364.2/4
245 00 - TITLE STATEMENT
Title Alcohol-related violence
260 ## - PUBLICATION, DISTRIBUTION, ETC. (IMPRINT)
Place of publication Chichester, West Sussex, U.K. :
Name of publisher John Wiley & Sons Inc.,
Year of publication 2013.
300 ## - PHYSICAL DESCRIPTION
Number of Pages xvii, 349 p. :
Other physical details ill., map.
490 0# - SERIES STATEMENT
Series statement Wiley series in forensic clinical psychology
505 0# - FORMATTED CONTENTS NOTE
Formatted contents note About the editor -- About the contributors -- Foreword / Kathryn Gaham -- Series editors' preface -- A. The extent of the problem -- The problem of alcohol-related violence : an epidemiological and public health perspective / Ingeborg Rossow and Elin K. Bye -- Alcohol and violence : an international perspective / Fernanda Cestaro Prado Cortez & Danilo A. Baltieri -- B. Understanding the problem -- Alcohol and aggression : theories and mechanisms / Peter R. Giancola -- Alcohol and violence in evolutionary perspective / Russil Durrant -- Alcohol and violence in developmental perspective / Rick Howard & Mary McMurran -- Prevention -- Alcohol-related violence as alcohol-related crime : policing, policy and the law / Gavin Dingwall -- Barroom approaches to prevention / Alasdair J.M. Forsyth -- Treatment -- Interventions with children and families / Donald Forrester & Georgia Glynn -- Treatments for offenders of intimate partner violence / Caroline J. Easton -- Alcohol arrest-referral / Katie McCracken & Franco Sassi -- Treatments for offenders in prison and the community / Mary McMurran -- Treatment for alcohol-related sexual violence / Ruth E. Mann & Mark Farmer -- Treatments for offenders with dual diagnosis / Amy Cohn & Kim T. Mueser -- Alcohol use and offending in people with intellectual disability / William R. Lindsay, Samantha Tinsley, & Medhat Emara -- Treatments for alcohol-related impaired driving / Thomas G. Brown & Marie Claude Ouimet -- E. Conclusion -- Alcohol-related violence : an end-note / Mary McMurran -- Index.
650 #0 - SUBJECT ADDED ENTRY--TOPICAL TERM
Topical Term Alcoholism and crime.
Topical Term Violence.
Topical Term Crime.
Topical Term Alcoholism
700 1# - ADDED ENTRY--PERSONAL NAME
Personal name McMurran, Mary.
856 40 - ELECTRONIC LOCATION AND ACCESS
Uniform Resource Identifier http://site.ebrary.com/lib/rucke/Doc?id=10657822

No items available.

© 2026 Rongo University
Contact us: librarian | system librarian | Rongo university